Regioni che confinano con il Lazio - Statistics

Statistiche generali
  • Questo quiz è stato fatto 85 volte
  • Il punteggio medio è 6 su 6
Statistiche sulle risposte
Superficie (km²) Popolazione (ab.) Regione % Corretto
13 671 5 597 774 Campania
97%
22 987 1 075 055 Toscana
97%
10 831 1 271 566 Abruzzo
95%
4 460 290 282 Molise
92%
8 464 855 097 Umbria
91%
9 427 1 482 604 Marche
86%
Nessun quiz corrispondente trovato
Distribuzione punteggi
Percentuale di utenti per punteggio
Percentile per numero di risposta
I tuoi punteggi nel tempo
Non hai fatto questo quiz